|
|
|
|
| LEADER |
00000nam0a2200000 4500 |
| 001 |
104245 |
| 005 |
20231031113912.0 |
| 010 |
|
|
|a 5283029921
|
| 020 |
|
|
|a RU
|b 89-31415
|
| 035 |
|
|
|a (RuTPU)RU\TPU\book\112362
|
| 090 |
|
|
|a 104245
|
| 100 |
|
|
|a 20061030d1989 m y0rusy5003 ca
|
| 101 |
0 |
|
|a rus
|
| 102 |
|
|
|a RU
|
| 105 |
|
|
|a a z 001zy
|
| 200 |
1 |
|
|a Радиационный фон помещений
|f Э. М. Крисюк
|
| 210 |
|
|
|a Москва
|c Энергоатомиздат
|d 1989
|
| 215 |
|
|
|a 118,[1] с.
|c ил.
|
| 320 |
|
|
|a Библиогр.: с. 113-117.
|
| 610 |
1 |
|
|a здания
|
| 610 |
1 |
|
|a постройки
|
| 610 |
1 |
|
|a радиационный режим
|
| 610 |
1 |
|
|a строительные материалы
|
| 610 |
1 |
|
|a радиоактивность
|
| 675 |
|
|
|a 614.876
|v 3
|
| 675 |
|
|
|a 691:53
|v 3
|
| 700 |
|
1 |
|a Крисюк
|b Э. М.
|g Эдуард Мечиславович
|4 070
|
| 801 |
|
0 |
|a RU
|b RuMRKP
|c 19950417
|g psbo
|
| 801 |
|
1 |
|a RU
|b 63413507
|c 20061030
|g PSBO
|
| 801 |
|
2 |
|a RU
|b 63413507
|c 20070305
|g PSBO
|
| 942 |
|
|
|c BK
|